| 000 | 01138cam a22003255a 4500 | ||
|---|---|---|---|
| 001 | 11954911 | ||
| 005 | 20180404154418.0 | ||
| 008 | 000327s2001 maua b 001 0 eng c | ||
| 010 | _a 00037253 | ||
| 020 | _a0815128479 (alk. paper) | ||
| 020 | _a9780815128472 | ||
| 035 | _a(DNLM)100939996 | ||
| 040 |
_aDNLM/DLC _beng _cDLC _dDLC _dEG-ScBUE |
||
| 050 | 0 | 0 |
_aRC46 _b.H225 2000 |
| 060 | 1 | 0 |
_aQZ 40 _bH198d 2001 |
| 082 | 0 | 4 |
_a616 _bHAM _222 |
| 100 | 1 | _aHamann, Barbara P. | |
| 245 | 1 | 0 |
_aDisease : _bidentification, prevention, and control / _cBarbara P. Hamann. |
| 250 | _a2nd ed. | ||
| 260 |
_aBoston : _bMcGraw-Hill, _cc.2001. |
||
| 300 |
_axi, 451 p. : _bill. ; _c26 cm. |
||
| 504 | _aIncludes bibliographical references and index. | ||
| 541 | _aAmbassador Ali Al-Hafni ; | ||
| 650 | 7 |
_aDiseases. _2BUEsh |
|
| 651 | _2BUEsh | ||
| 653 |
_bPPhrm _cApril2018 |
||
| 906 |
_a7 _bcbc _corignew _d1 _eocip _f20 _gy-gencatlg |
||
| 942 | _2ddc | ||
| 999 |
_c26478 _d26450 |
||